Dinamic contexts of language use: papers in honor of Tatiana Slama-Cazacu
Guardat en:
| Autors principals: | , |
|---|---|
| Format: | Llibre |
| Idioma: | anglès |
| Publicat: |
Bolonia
Cooperativa Libraria Universitaria Editrice
1994
|
| Matèries: | |
| Etiquetes: |
Afegir etiqueta
Sense etiquetes, Sigues el primer a etiquetar aquest registre!
|
MARC
| LEADER | 00000nam a2200000 a 4500 | ||
|---|---|---|---|
| 001 | UCJ2840 | ||
| 003 | CL-VaPUC | ||
| 008 | 070119e19940000IT |||||||||||||||||eng|d | ||
| 082 | 0 | 4 | |a 401.9 |b MIN |2 21 |
| 100 | |a Mininni, Giuseppe |e autor |9 503850 | ||
| 700 | 0 | |a Stame, Stefania |e author |9 503851 | |
| 245 | 1 | 0 | |a Dinamic contexts of language use: papers in honor of Tatiana Slama-Cazacu |
| 300 | |a 222 p | ||
| 942 | |c BK | ||
| 945 | |d 20070119 00:00:00 |a jtorresc | ||
| 260 | |a Bolonia |b Cooperativa Libraria Universitaria Editrice |c 1994 | ||
| 500 | |a Donación de la Dra. Marianne Peronard Thierry | ||
| 650 | 0 | |a Psicolingüística |9 283371 | |
| 650 | 0 | |a Lenguaje y cultura |9 311851 | |
| 650 | 0 | |a Pragmática |9 416307 | |
| 650 | 0 | |a Lingüística aplicada |9 313266 | |
| 583 | |a last modification |c 20070119 00:00:00 |k Rodrigo Vera | ||
| 999 | |c 318969 |d 318967 | ||
| 952 | |0 0 |1 0 |4 0 |6 401_900000000000000_MIN_1994 |7 0 |8 A |9 397188 |a FDOPOS |b FDOPOS |d 2019-11-22 |i 4316495 |o 401.9 MIN 1994 |p 4316495 |r 2025-01-22 |w 2019-11-22 |y BK |k MLA | ||